000 00811cam a2200265Ia 4500
001 38886992
003 OCoLC
005 20170614152726.0
008 980402s1993 nyua j 000 1 spa d
020 _a0590481274 (pbk.)
020 _a9780590481274 (pbk.)
040 _aWEA
_cWEA
_dOCL
_dCOA
041 1 _aspa
_heng
090 _aLT4039.R92
_bS63 1993
100 1 _aRyder, Joanne.
240 1 0 _aSnail's spell.
_lSpanish.
245 1 3 _aEl canto del caracol /
_cpor Joanne Ryder ; ilustraciones de Lynne Cherry.
260 _aNew York :
_bScholastic,
_cc1993.
300 _a31 p. :
_bcol. ill. ;
_c19 x 23 cm.
520 _aThe reader imagines how it feels to be a snail.
546 _aTranslation of: The snail's spell.
650 0 _aSnails
_vJuvenile fiction.
700 1 _aCherry, Lynne.
942 _cBK
999 _c17578
_d17578